Význam ekologického poľnohospodárstva v maloobchode s potravinami bakalárska práca

Salvato in:
Dettagli Bibliografici
Autore principale: Turóciová, Anna
Ente Autore: Podnikovohospodárska fakulta EU so sídlom v Košiciach. Katedra obchodného podnikania
Altri autori: Dudáš-Pajerská, Erika, 1988-
Natura: Libro
Lingua:slovacco
Pubblicazione: Košice 2019
Tags: Aggiungi Tag
Nessun Tag, puoi essere il primo ad aggiungerne!!

MARC

LEADER 00000nbm a2200000 4500
001 0256367
005 20191001085441.2
041 0 |a slo 
044 |a SK 
245 1 0 |a Význam ekologického poľnohospodárstva v maloobchode s potravinami  |b bakalárska práca  |c Anna Turóciová ; školiteľ: Erika Dudáš Pajerská 
264 1 |a Košice  |c 2019 
300 |a 55 s. 
100 1 |a Turóciová, Anna 
700 1 |a Dudáš-Pajerská, Erika, 1988- 
710 2 |a Podnikovohospodárska fakulta EU so sídlom v Košiciach. Katedra obchodného podnikania